000 00379nam a2200145Ia 4500
008 240624s9999 xx 000 0 und d
041 _aeng
082 _a332.63 POZ
100 _aPOZEN ROBERT
245 _aFUND INDUSTRY HOW YOUR MONEY IS MANAGED
250 _a11
260 _c2011
_aNew Jersey
_bJohn Wiley and Sons
300 _axviii, : 526 : p. : cm. ; 23
365 _c
_b27
999 _c17733
_d17733